Теоретическая и математическая физика Том 191 №1 Апрель 2017 (ბიბ.ჩანაწერი № 53554)
[ მარტივი ფორმატი ]
| 000 -LEADER | |
|---|---|
| fixed length control field | 00563nam a2200157Ia 4500 |
| 001 - CONTROL NUMBER | |
| control field | 20600 |
| 003 - CONTROL NUMBER IDENTIFIER | |
| control field | GE_BSU |
| 008 - FIXED-LENGTH DATA ELEMENTS--GENERAL INFORMATION | |
| fixed length control field | 181216s||||||||xx |||||||||||||| ||und|| |
| 040 ## - CATALOGING SOURCE | |
| Transcribing agency | GE_BSU |
| 245 ## - TITLE STATEMENT | |
| Title | Теоретическая и математическая физика Том 191 №1 Апрель 2017 |
| 245 ## - TITLE STATEMENT | |
| Statement of responsibility, etc. | Гл.ред.А.А.Славнов |
| 653 ## - INDEX TERM--UNCONTROLLED | |
| Uncontrolled term | Периодика |
| 653 ## - INDEX TERM--UNCONTROLLED | |
| Uncontrolled term | Теоретическая и математическая физика Том 191 №1 Апрель 2017 |
| 653 ## - INDEX TERM--UNCONTROLLED | |
| Uncontrolled term | პერიოდიკა |
| 942 ## - ADDED ENTRY ELEMENTS (KOHA) | |
| Koha item type | პერიოდიკა |
არაა ხელმისაწვდომი ეგზემპლარები.
